000 01050nam0a22002891 4500
001 rc\4326315
005 20260406113331.0
021 _aRU
_b[58-67605]
035 _a(NLR Aleph) 008515398
090 _a8195111
_c8195111
100 _a20130416d1958 |||y0rusy50 ca
101 0 _arus
102 _aRU
105 _ay z |||||
200 1 _aА.М. Горький и литературное движение советской эпохи
210 _aМосква
_cСов. писатель
_d1958
215 _a664 с.
_d21
300 _aЭкз. б кол. автогр.
606 _aСоветская литература
_2psbo
700 1 _aВолков
_bА. А.
_cд-р филол. наук, литературовед
_f1909-1981
_gАнатолий Андреевич
_9215088
_3RU\NLR\AUTH\770215144
702 1 _4570
_8rus
_7ca
_aГорький
_bМ.
_f1868-1936
_gМаксим
_3RU\NLR\AUTH\77104
_9110200
801 0 _aRU
_bNLR
_gpsbo
801 1 _aRU
_bELAR
_2rusmarc
852 _aNLR
_j59-3/125
942 _cBOOK
980 _aNB